000 00676nam a2200253Ia 4500
003 OSt
005 20220924152723.0
006 a|||||r|||| 00| 0
007 ta
008 220923b |||||||| |||| 00| 0 ara d
024 _a344130
037 _cTextual
040 _aARTS
_cARTS
_bara
041 _2ara
_aara
082 _aR3M3, 28M2
100 _aMacquarrie John Au.
_9227305
245 0 _aAl-wajoodia
260 _c1982
650 _a PHILOSOPHY
650 _aMETAPHYSICS
_913358
700 _a Imam Imam Abdul Fatah Tr.
_9227306
942 _hR3M3, 28M2
_cTEXL
_2CC
999 _c470788
_d470788